Swedish cities in Örebro län - Statistics

General Stats
  • This quiz has been taken 12 times
  • The average score is 10 of 42
Answer Stats
Hint Answer % Correct
115,765 Örebro
100%
16,663 Kumla
75%
1,613 Garphyttan
50%
8,146 Hallsberg
50%
27,490 Karlskoga
50%
3,065 Kopparberg
50%
9,571 Lindesberg
50%
3,997 Askersund
38%
7,190 Degerfors
38%
3,125 Laxå
38%
6,597 Nora
38%
2,285 Vintrosa
38%
1,475 Fellingsbro
25%
2,480 Frövi
25%
778 Glanshammar
25%
859 Grythyttan
25%
2,831 Hovsta
25%
899 Mosås
25%
1,967 Storå
25%
316 Zinkgruvan
25%
443 Åmmeberg
13%
1,531 Ekeby-almby
13%
2,160 Fjugesta
13%
671 Gyttorp
13%
4,449 Hällefors
13%
306 Hampetorp
13%
1,378 Odensbacken
13%
237 Olshammar
13%
1,610 Pålsboda
13%
481 Ställdalen
13%
801 Stora mellösa
13%
288 Stråssa
13%
753 Vedevåg
13%
811 Åbytorp
0%
575 Finnerödja
0%
234 Hjortkvarn
0%
233 Kilsmo
0%
534 Mullhyttan
0%
265 Rockhammar
0%
266 Röfors
0%
1,079 Sköllersta
0%
852 Vretstorp
0%
No matching quizzes found
Score Distribution
Percent of People with Each Score
Percentile by Number Answered
Your Score History
You have not taken this quiz